Elements of political geography / (Record no. 22198)
[ view plain ]
| 000 -LEADER | |
|---|---|
| fixed length control field | 01027cam a22003251 4500 |
| 001 - CONTROL NUMBER | |
| control field | 22198 |
| 003 - CONTROL NUMBER IDENTIFIER | |
| rucl marc code | BD-RjUL |
| 005 - DATE AND TIME OF LATEST TRANSACTION | |
| control field | 20211209000758.0 |
| 008 - FIXED-LENGTH DATA ELEMENTS--GENERAL INFORMATION | |
| fixed length control field | 140306r19631954ii 001 0 eng |
| 035 ## - SYSTEM CONTROL NUMBER | |
| System control number | (BD-RjUL)22263 |
| System control number | (OCoLC)408193 |
| 040 ## - CATALOGING SOURCE | |
| Original cataloging agency | DLC |
| Transcribing agency | OClW |
| Modifying agency | OCoLC |
| -- | BD-RjUL |
| Language of cataloging | eng |
| 041 ## - LANGUAGE CODE | |
| Language code of text/sound track or separate title | eng |
| 082 00 - DEWEY DECIMAL CLASSIFICATION NUMBER | |
| Classification number | 910 |
| Author mark and year | VAE 1963 |
| 100 1# - MAIN ENTRY--PERSONAL NAME | |
| Personal name | Van Valkenburg, Samuel, |
| Dates associated with a name | 1891- |
| 9 (RLIN) | 68513 |
| 245 10 - TITLE STATEMENT | |
| Title | Elements of political geography / |
| Statement of responsibility, etc. | Samuel Van Valkenburg and Carl L. Stotz. |
| 250 ## - EDITION STATEMENT | |
| Edition statement | 2d ed. |
| 260 ## - PUBLICATION, DISTRIBUTION, ETC. (IMPRINT) | |
| Place of publication, distribution, etc. | New Delhi : |
| Name of publisher, distributor, etc. | Prentice-Hall, |
| Date of publication, distribution, etc. | c1954 [Reprinted 1963]. |
| 300 ## - PHYSICAL DESCRIPTION | |
| Pagination | xvi, 400 p. : |
| Illustrations | maps (1 fold. col.) ; |
| Size | 24 cm. |
| 504 ## - BIBLIOGRAPHY, ETC. NOTE | |
| Bibliography, etc | Bibliography": p. 379-387 |
| 650 #0 - SUBJECT ADDED ENTRY--TOPICAL TERM | |
| Topical term or geographic name as entry element | Geography. |
| 9 (RLIN) | 68515 |
| Topical term or geographic name as entry element | World politics. |
| 9 (RLIN) | 68517 |
| Topical term or geographic name as entry element | Boundaries. |
| 9 (RLIN) | 68518 |
| Topical term or geographic name as entry element | Human geography. |
| 9 (RLIN) | 68519 |
| 700 1# - ADDED ENTRY--PERSONAL NAME | |
| Personal name | Stotz, Carl Louis, |
| Dates associated with a name | 1908- |
| Relator term | joint author. |
| 942 ## - ADDED ENTRY ELEMENTS (KOHA) | |
| Source of classification or shelving scheme | Dewey Decimal Classification |
| Koha item type | Books |
| Lost status | Source of classification or shelving scheme | Damaged status | Not for loan | Collection code | Permanent Location | Current Location | Shelving location | Date acquired | Source of acquisition | Cost, normal purchase price | Total Checkouts | Full call number | Date last seen | Date checked out | Copy number | Koha item type |
|---|---|---|---|---|---|---|---|---|---|---|---|---|---|---|---|---|
| Dewey Decimal Classification | Non-fiction | Central Library, University of Rajshahi | Central Library, University of Rajshahi | 02/05/1967 | Punjab BK Society | 8.90 | 1 | 910 VAE 1963 | 20/12/2023 | 04/12/2023 | C-3 | Books |